• 首页
  • 本馆介绍
  • 公告通知
  • 最新文献
  • 馆藏检索
  • 电子资源
  • 读者导购
  • 参考咨询
  • 我的图书馆
  • 登录
  • 详细信息显示
  • 放入我的书架
  • 预约/预借图书
  • 作者相关作品
  • 分类相关作品
  • 丛书相关作品
  • 出版社相关作品

书目信息

  • 表格格式
  • 工作单格式
  • 卡片格式
题名:
小妇人
    
 
作者: 奥尔科特 , Alcott 原著 ;韦斯特 , West , 钟怡 简写
分册:  
出版信息: 北京   外语教学与研究出版社  1982
页数: 197页
开本: 19cm
丛书名:
单 册:
中图分类: H319.4:I , H31
科图分类:
主题词: 长篇小说--美国--对照读物--英、中
电子资源:
ISBN:
000 00862nam0 2200301 45
001 1533892301
005 20150120092515.95
010    @dCNY0.58
091    @aCN@b9215.113
100    @a19950704d1982 em y0chiy0121 ea
101 2  @achi@aeng
102    @aCN@b110000
105    @ay z 000yy
200 10 @a小妇人@Axiao fu ren@f(美)奥尔科特(Alcott,L.M.)著@g(英)韦斯特(West,M.)简写@g钟怡译
210    @a北京@c外语教学与研究出版社@d1982
215    @a197页@d19cm
300    @a简易英汉对照读物
606    @a长篇小说@y美国@x对照读物@x英、中
690    @aH319.4:I@v3
690    @aH31@v4
701  1 @a奥尔科特@Aao er ke te@bL.M.@4原著
701 A1 @aAlcott@bL.M.@4原著
702  1 @a韦斯特@Awei si te@bM.@4简写
702 A1 @aWest@bM.@4简写
702  0 @a钟怡@Azhong yi@4译
801  0 @aCN@bTSSF@c20150120
801  2 @aCN@bNLC
905    @aZUCC@dH31@eJY110
    
    小妇人/(美)奥尔科特(Alcott,L.M.)著/(英)韦斯特(West,M.)简写/钟怡译.-北京:外语教学与研究出版社,1982
    197页;19cm
    简易英汉对照读物
    
    ISBN :CNY0.58
    
●
相关链接 在E读中查询图书 在五车中查询图书 在当当中查询图书 在豆瓣中查询图书


正题名:小妇人     索取号:H31/JY110         预约/预借

序号 登录号 条形码 馆藏地/架位号 状态 备注
1 7836148   278361489   学院路分馆/ [索取号:H31/JY110] 在馆    
唐山师范学院图书馆 欢迎您!
大连网信软件有限公司© 版权所有